[Event "Mecklenburg VP U18"]
[Site "Malchow"]
[Date "2016.02.02"]
[Round "4.6"]
[White "Goldbach, Aaron"]
[Black "Soltmann, Jan"]
[Result "1-0"]
[WhiteElo "1803"]
[BlackElo "1539"]
[PlyCount "79"]
[EventDate "2016.02.02"]
[EventType "swiss"]
[EventRounds "7"]
[EventCountry "GER"]
[SourceTitle "EXT 2024"]
[Source "ChessBase"]
[SourceDate "2023.10.10"]
[SourceVersion "1"]
[SourceVersionDate "2023.10.10"]
[SourceQuality "1"]

1. d4 d5 2. Bf4 Bf5 3. c4 e6 4. Nc3 Nf6 5. Qb3 b6 6. e3 Bd6 7. Bg5 dxc4 8. Bxc4 Be7 9. Nf3 0-0 10. Ne5 Ng4 11. Bxe7 Qxe7 12. Nxg4 Bxg4 13. h3 Bh5 14. Bd3 Nd7 15. Ne2 Bg6 16. Rc1 Bxd3 17. Qxd3 Qb4+ 18. Qc3 Qxc3+ 19. Rxc3 c5 20. b3 Rac8 21. Kd2 cxd4 22. Nxd4 Nf6 23. Rxc8 Rxc8 24. f3 Kf8 25. Rc1 Rxc1 26. Kxc1 a5 27. Nc6 Ke8 28. Kd2 Nd7 29. Kc3 f6 30. Kc4 g5 31. Kb5 Kf7 32. Na7 e5 33. Nc8 Ke6 34. Nxb6 Nxb6 35. Kxb6 e4 36. Kxa5 f5 37. fxe4 g4 38. exf5+ Kxf5 39. hxg4+ Kxg4 40. b4 1-0

[Event "Mecklenburg VP U18"]
[Site "Malchow"]
[Date "2016.02.02"]
[Round "1.10"]
[White "Gross, Sarah Zoe"]
[Black "Soltmann, Jan"]
[Result "0-1"]
[WhiteElo "743"]
[BlackElo "1539"]
[PlyCount "102"]
[EventDate "2016.02.02"]
[EventType "swiss"]
[EventRounds "7"]
[EventCountry "GER"]
[SourceTitle "EXT 2024"]
[Source "ChessBase"]
[SourceDate "2023.10.10"]
[SourceVersion "1"]
[SourceVersionDate "2023.10.10"]
[SourceQuality "1"]

1. e4 c6 2. Nf3 d5 3. Bd3 dxe4 4. Bxe4 Nf6 5. Nc3 Nxe4 6. Nxe4 Bf5 7. Nc3 e6 8. 0-0 Bc5 9. d3 0-0 10. h3 Nd7 11. Bf4 Re8 12. Qe1 Nf6 13. Na4 Bd4 14. Qb4 Bb6 15. Qd2 Nd5 16. Bg5 Qd6 17. Nh4 Bg6 18. Rfe1 h6 19. Bxh6 gxh6 20. Qxh6 Qf4 21. Qxf4 Nxf4 22. Nc3 Bh5 23. Ne4 Bd8 24. a4 Bxh4 25. g3 Ne2+ 26. Kh1 Bf3+ 27. Kh2 Be7 28. Nd2 Nd4 29. c3 Nc2 30. Re5 Nxa1 31. Nxf3 Nb3 32. d4 b6 33. Re4 Na5 34. b4 Nc4 35. Rg4+ Kh8 36. a5 Nd6 37. Ne5 f5 38. Rg6 Bf8 39. Nd7 Bg7 40. axb6 axb6 41. Nxb6 Ra2 42. Kg2 Kh7 43. Rg5 Kh6 44. Rxg7 Kxg7 45. h4 Ne4 46. Nc4 Rxf2+ 47. Kh3 Nxc3 48. Nd6 Rd8 49. Nb7 Rxd4 50. h5 Ne2 51. Nc5 Ng1# 0-1

[Event "Mecklenburg VP U18"]
[Site "Malchow"]
[Date "2016.02.02"]
[Round "5.7"]
[White "Soltmann, Jan"]
[Black "Schmidt, Arne"]
[Result "1/2-1/2"]
[WhiteElo "1539"]
[BlackElo "1314"]
[PlyCount "120"]
[EventDate "2016.02.02"]
[EventType "swiss"]
[EventRounds "7"]
[EventCountry "GER"]
[SourceTitle "EXT 2024"]
[Source "ChessBase"]
[SourceDate "2023.10.10"]
[SourceVersion "1"]
[SourceVersionDate "2023.10.10"]
[SourceQuality "1"]

1. g3 g6 2. Bg2 Bg7 3. Nf3 Nf6 4. 0-0 0-0 5. d4 d6 6. c4 c5 7. e3 cxd4 8. exd4 d5 9. cxd5 Nxd5 10. Nc3 Nc6 11. Re1 Re8 12. Qb3 Nb6 13. Ng5 e6 14. d5 Nd4 15. dxe6 Bxe6 16. Qd1 Nc4 17. Nxe6 Rxe6 18. Rxe6 Nxe6 19. Qd5 Qxd5 20. Bxd5 Nd6 21. Be3 a6 22. Rb1 Rc8 23. Ne4 Nxe4 24. Bxe4 a5 25. Bxb7 Rb8 26. Bd5 Rxb2 27. Rxb2 Bxb2 28. f4 Bc3 29. Kf2 Nd4 30. Bc1 Nc2 31. Bb3 Nd4 32. Ke3 Nxb3 33. axb3 Kf8 34. Kd3 Bb4 35. Kc4 Ke7 36. Kb5 Kd7 37. Be3 Kc7 38. Bb6+ Kb7 39. Bxa5 Bd6 40. Bb6 h5 41. Bc5 Bb8 42. b4 h4 43. Kc4 h3 44. b5 g5 45. Be3 gxf4 46. Bxf4 Ba7 47. g4 Bf2 48. Be5 f6 49. Bxf6 Bg3 50. g5 Bxh2 51. g6 Bc7 52. g7 h2 53. g8Q h1Q 54. Bc3 Qe4+ 55. Kb3 Qb1+ 56. Ka4 Qc2+ 57. Qb3 Qxb3+ 58. Kxb3 Bd6 59. Kc4 Bf4 60. Bd4 Bh6 1/2-1/2

[Event "Mecklenburg VP LL2 West 1516"]
[Site "Mecklenburg VP"]
[Date "2015.09.20"]
[Round "1.5"]
[White "Modrow, Hartmut"]
[Black "Soltmann, Jan"]
[Result "1/2-1/2"]
[WhiteElo "1552"]
[BlackElo "1539"]
[PlyCount "59"]
[EventDate "2015.09.20"]
[EventType "team-tourn"]
[EventRounds "9"]
[EventCountry "GER"]
[SourceTitle "EXT 2022"]
[Source "ChessBase"]
[SourceDate "2021.10.06"]
[SourceVersion "1"]
[SourceVersionDate "2021.10.06"]
[SourceQuality "1"]
[WhiteTeam "Rostock SSC 07 IV"]
[BlackTeam "Wismar ASV Gruen-Weiss II"]
[WhiteTeamCountry "GER"]
[BlackTeamCountry "GER"]

1. c4 e6 2. Nc3 d5 3. cxd5 exd5 4. d4 c6 5. Nf3 Nf6 6. Bg5 Bf5 7. e3 h6 8. Bh4 Be7 9. Be2 Ne4 10. Bxe7 Qxe7 11. 0-0 Nd7 12. Re1 0-0 13. Bf1 Rfe8 14. Ne2 a6 15. Ng3 Nxg3 16. hxg3 Nf6 17. Nd2 Ne4 18. Nxe4 Qxe4 19. f3 Qc2 20. Qxc2 Bxc2 21. Rac1 Bg6 22. Kf2 Re7 23. Rc3 f5 24. Bd3 Kf7 25. Rb3 Kf6 26. Bb1 Rc8 27. Rc1 Bf7 28. Rbc3 g5 29. Rh1 Rh8 30. Rcc1 1/2-1/2

[Event "Mecklenburg VP-ch U18"]
[Site "Malchow"]
[Date "2015.02.??"]
[Round "6.3"]
[White "Bardosch, Karl"]
[Black "Soltmann, Jan"]
[Result "1-0"]
[WhiteElo "1679"]
[BlackElo "1497"]
[PlyCount "39"]
[EventDate "2015.02.04"]
[EventType "swiss"]
[EventRounds "7"]
[EventCountry "GER"]
[SourceTitle "EXT 2022"]
[Source "ChessBase"]
[SourceDate "2021.10.06"]
[SourceVersion "1"]
[SourceVersionDate "2021.10.06"]
[SourceQuality "1"]

1. e4 b6 2. g3 Bb7 3. Bg2 e6 4. d3 c5 5. Nc3 Ne7 6. Be3 Qc7 7. Bf4 Qc8 8. Nb5 Ng6 9. Nc7+ Kd8 10. Nxa8 Nxf4 11. gxf4 Bxa8 12. Ne2 d5 13. f3 Bd6 14. Qd2 c4 15. dxc4 Qxc4 16. b3 Qb5 17. c4 Qd7 18. cxd5 exd5 19. exd5 Bxd5 20. Rd1 1-0

[Event "Mecklenburg VP LL2 West 1415"]
[Site "Mecklenburg VP"]
[Date "2014.11.09"]
[Round "2.8"]
[White "Luetzow, Siegfried"]
[Black "Soltmann, Jan"]
[Result "1/2-1/2"]
[WhiteElo "1593"]
[BlackElo "1497"]
[PlyCount "74"]
[EventDate "2014.09.21"]
[EventType "team-tourn"]
[EventRounds "9"]
[EventCountry "GER"]
[SourceTitle "EXT 2022"]
[Source "ChessBase"]
[SourceDate "2021.10.06"]
[SourceVersion "1"]
[SourceVersionDate "2021.10.06"]
[SourceQuality "1"]
[WhiteTeam "Neukloster VfL Blau Weiss"]
[BlackTeam "Wismar ASV Gruen-Weiss II"]
[WhiteTeamCountry "GER"]
[BlackTeamCountry "GER"]

1. f4 g6 2. e4 Bg7 3. d4 e6 4. Nf3 b6 5. Bd3 Bb7 6. 0-0 Ne7 7. c4 0-0 8. Nc3 c5 9. d5 exd5 10. exd5 d6 11. Bd2 Qd7 12. Qc2 Na6 13. a3 Nc7 14. Rae1 Rae8 15. Re2 Nf5 16. Bxf5 Qxf5 17. Qxf5 gxf5 18. Rfe1 Rxe2 19. Rxe2 Re8 20. Rxe8+ Nxe8 21. b4 Ba6 22. b5 Bc8 23. Nd1 Bf6 24. Kf2 Kg7 25. Bc3 h5 26. h3 Kh6 27. Bxf6 Nxf6 28. Nh4 Ne4+ 29. Ke2 Kg7 30. Nf2 Kf6 31. Ke3 Nxf2 32. Kxf2 Bd7 33. Kg3 Kg7 34. Nf3 f6 35. Kh4 Kh6 36. a4 Bc8 37. Nd2 a5 1/2-1/2

[Event "Mecklenburg VP LL2 West 1314"]
[Site "Mecklenburg VP"]
[Date "2014.03.16"]
[Round "7.8"]
[White "Noelck, Ulrich"]
[Black "Soltmann, Jan"]
[Result "0-1"]
[WhiteElo "1597"]
[BlackElo "1351"]
[PlyCount "71"]
[EventDate "2013.10.27"]
[EventType "team-tourn"]
[EventRounds "9"]
[EventCountry "GER"]
[SourceTitle "EXT 2022"]
[Source "ChessBase"]
[SourceDate "2021.10.06"]
[SourceVersion "1"]
[SourceVersionDate "2021.10.06"]
[SourceQuality "1"]
[WhiteTeam "Kuehlungsborn SV Empor"]
[BlackTeam "Wismar ASV Gruen-Weiss II"]
[WhiteTeamCountry "GER"]
[BlackTeamCountry "GER"]

1. d4 d5 2. Nf3 Nf6 3. Bf4 Bf5 4. e3 e6 5. Nbd2 Bd6 6. Ne5 c6 7. c4 Ne4 8. Nxe4 Bxe4 9. c5 Bc7 10. a3 Nd7 11. Nd3 Bxf4 12. Nxf4 e5 13. dxe5 Nxc5 14. f3 Bf5 15. Bd3 Nxd3+ 16. Nxd3 Bxd3 17. Qxd3 Qg5 18. Kf2 Qxe5 19. Rab1 0-0 20. Rhe1 Qf6 21. Qb3 Rab8 22. Qc2 Rfe8 23. Rbd1 a6 24. Rd4 Re4 25. Qd2 Rbe8 26. Rxe4 Rxe4 27. Kg1 Re8 28. Qb4 Qe7 29. Qd4 h6 30. b4 Qe5 31. Qxe5 Rxe5 32. Kf2 f5 33. a4 g5 34. Rc1 Re6 35. g3 Kf7 36. f4 0-1

[Event "Mecklenburg VP-ch U16"]
[Site "Malchow"]
[Date "2014.02.03"]
[Round "5"]
[White "Stuppe, Hannes"]
[Black "Soltmann, Jan"]
[Result "1-0"]
[WhiteElo "1307"]
[BlackElo "1351"]
[PlyCount "41"]
[EventDate "2014.02.01"]
[EventType "swiss"]
[EventRounds "7"]
[EventCountry "GER"]
[SourceTitle "EXT 2017"]
[Source "ChessBase"]
[SourceDate "2016.10.25"]
[SourceVersion "1"]
[SourceVersionDate "2016.10.25"]
[SourceQuality "1"]

1. e4 c5 2. Nf3 e6 3. Nc3 Nc6 4. d4 cxd4 5. Nxd4 a6 6. Be3 Nf6 7. Bc4 Qc7 8. h3 Nxd4 9. Qxd4 e5 10. Qd3 b5 11. Bb3 Bb7 12. 0-0 Bc5 13. Bg5 Qb6 14. Rad1 b4 15. Bxf6 Qc7 16. Nd5 Bxd5 17. Qxd5 0-0 18. Bxe5 d6 19. Bxd6 Bxd6 20. Qxd6 Qa5 21. Rd5 1-0

[Event "Mecklenburg VP LL2 West 1213"]
[Site "Mecklenburg VP"]
[Date "2012.11.25"]
[Round "3.7"]
[White "Focke, Adrian"]
[Black "Soltmann, Jan"]
[Result "1-0"]
[WhiteElo "1305"]
[BlackElo "1358"]
[PlyCount "59"]
[EventDate "2012.10.14"]
[EventType "team-tourn"]
[EventRounds "9"]
[EventCountry "GER"]
[SourceTitle "EXT 2022"]
[Source "ChessBase"]
[SourceDate "2021.10.06"]
[SourceVersion "1"]
[SourceVersionDate "2021.10.06"]
[SourceQuality "1"]
[WhiteTeam "Schwerin SF IV"]
[BlackTeam "Wismar ASV Gruen-Weiss II"]
[WhiteTeamCountry "GER"]
[BlackTeamCountry "GER"]

1. e4 c5 2. Nf3 e6 3. d4 cxd4 4. Nxd4 a6 5. Nc3 Nc6 6. Be3 d6 7. Bd3 Be7 8. 0-0 Nf6 9. Qe2 0-0 10. Rfe1 Qc7 11. Rac1 Re8 12. a3 Bd7 13. Kh1 Rac8 14. f4 Nxd4 15. Bxd4 e5 16. Be3 Ng4 17. Bd2 Qb6 18. Rf1 Qxb2 19. Ra1 Qb6 20. f5 Nf6 21. Qf3 Bc6 22. Qg3 Nh5 23. Qg4 Nf4 24. Bc4 Qd4 25. Bd3 Nxd3 26. cxd3 Qxd3 27. Bh6 Bf6 28. Rf3 Qc4 29. Bxg7 Bxg7 30. f6 1-0

[Event "Mecklenburg VP VL 1112"]
[Site "Mecklenburg VP"]
[Date "2011.12.11"]
[Round "4.8"]
[White "Celmer, Ole"]
[Black "Soltmann, Jan"]
[Result "1-0"]
[WhiteElo "1757"]
[BlackElo "1099"]
[PlyCount "83"]
[EventDate "2011.10.02"]
[EventType "team-tourn"]
[EventRounds "9"]
[EventCountry "GER"]
[SourceTitle "EXT 2022"]
[Source "ChessBase"]
[SourceDate "2021.10.06"]
[SourceVersion "1"]
[SourceVersionDate "2021.10.06"]
[SourceQuality "1"]
[WhiteTeam "Rostock SSC 07 II"]
[BlackTeam "Wismar ASV Gruen-Weiss"]
[WhiteTeamCountry "GER"]
[BlackTeamCountry "GER"]

1. e4 e5 2. Nf3 Nc6 3. Bc4 Bc5 4. c3 Nf6 5. d3 h6 6. b4 Bb6 7. Bb3 a6 8. Nbd2 0-0 9. 0-0 d5 10. h3 Re8 11. a3 d4 12. c4 Be6 13. Re1 Ba7 14. Ba4 Bd7 15. Nf1 Qb8 16. Bb3 b5 17. c5 a5 18. Bd2 Be6 19. Ng3 a4 20. Bxe6 Rxe6 21. Nf5 Ne7 22. Nxe7+ Rxe7 23. Nh4 c6 24. Qf3 Re6 25. g4 Nh7 26. Kh2 Qd8 27. Qg3 Bb8 28. Rf1 Qf6 29. f4 exf4 30. Bxf4 Bxf4 31. Rxf4 Qe5 32. Nf3 Qc7 33. Nxd4 Rf6 34. Rf3 Qxg3+ 35. Rxg3 Rd8 36. Nf5 Ng5 37. h4 Ne6 38. e5 Rxf5 39. gxf5 Nf4 40. Rd1 Ne2 41. Re3 Nc3 42. Rg1 1-0

[Event "Mecklenburg VP LL2 West 1112"]
[Site "Mecklenburg VP"]
[Date "2011.11.20"]
[Round "3.7"]
[White "Soltmann, Jan"]
[Black "Meier, Klaus"]
[Result "0-1"]
[WhiteElo "1099"]
[BlackElo "1801"]
[PlyCount "36"]
[EventDate "2011.10.02"]
[EventType "team-tourn"]
[EventRounds "9"]
[EventCountry "GER"]
[SourceTitle "EXT 2022"]
[Source "ChessBase"]
[SourceDate "2021.10.06"]
[SourceVersion "1"]
[SourceVersionDate "2021.10.06"]
[SourceQuality "1"]
[WhiteTeam "Wismar ASV Gruen-Weiss II"]
[BlackTeam "Ludwigslust Post SV"]
[WhiteTeamCountry "GER"]
[BlackTeamCountry "GER"]

1. d4 Nf6 2. Bf4 c5 3. Qd2 Qb6 4. c3 e6 5. e3 Be7 6. Nf3 d6 7. Na3 cxd4 8. cxd4 a6 9. Bd3 Nc6 10. 0-0 h6 11. Nc4 Qd8 12. h3 b5 13. Na3 Bb7 14. Rac1 Qb6 15. b3 e5 16. Nb1 exf4 17. Kh1 fxe3 18. fxe3 d5 0-1

[Event "Mecklenburg VP-ch U12"]
[Site "Malchow"]
[Date "2009.02.10"]
[Round "6.9"]
[White "Clark, Nell"]
[Black "Soltmann, Jan"]
[Result "0-1"]
[WhiteElo "768"]
[BlackElo "949"]
[PlyCount "32"]
[EventDate "2009.02.07"]
[EventType "swiss"]
[EventRounds "7"]
[EventCountry "GER"]
[SourceTitle "EXT 2022"]
[Source "ChessBase"]
[SourceDate "2021.10.06"]
[SourceVersion "1"]
[SourceVersionDate "2021.10.06"]
[SourceQuality "1"]

1. e4 e5 2. Nf3 Nc6 3. Nc3 Bc5 4. Bb5 Nf6 5. Bxc6 dxc6 6. d3 Bg4 7. 0-0 0-0 8. Bg5 Re8 9. h3 Be6 10. Qe2 Bb4 11. Qd2 h6 12. Bxf6 Qxf6 13. a3 Bxc3 14. Qxc3 Qg6 15. d4 Bxh3 16. Kh2 Qxg2# 0-1

[Event "Mecklenburg VP-ch U12"]
[Site "Malchow"]
[Date "2009.02.07"]
[Round "3.9"]
[White "Walliser, Simon Gregor"]
[Black "Soltmann, Jan"]
[Result "0-1"]
[WhiteElo "964"]
[BlackElo "949"]
[PlyCount "72"]
[EventDate "2009.02.07"]
[EventType "swiss"]
[EventRounds "7"]
[EventCountry "GER"]
[SourceTitle "EXT 2022"]
[Source "ChessBase"]
[SourceDate "2021.10.06"]
[SourceVersion "1"]
[SourceVersionDate "2021.10.06"]
[SourceQuality "1"]

1. e4 e5 2. Nf3 Nc6 3. Nc3 Bc5 4. Bb5 d6 5. h3 Bd7 6. d3 Nf6 7. Bg5 0-0 8. Nd5 h6 9. Bh4 a6 10. Bxc6 Bxc6 11. 0-0 Bxd5 12. exd5 c6 13. c4 Re8 14. dxc6 bxc6 15. d4 exd4 16. Nxd4 Bxd4 17. Qxd4 c5 18. Qf4 Re2 19. b3 Re4 20. Qg3 Qe7 21. Rad1 g5 22. Bxg5 hxg5 23. Qxg5+ Kh7 24. Qf5+ Kh8 25. f3 Re5 26. Qf4 Nh5 27. Qh6+ Kg8 28. Qd2 Rd8 29. g4 Ng3 30. Rf2 Ne2+ 31. Kg2 Nd4 32. f4 Re2 33. Qd3 Qe3 34. Rxe2 Qxe2+ 35. Kg1 Nf3+ 36. Kh1 Qh2# 0-1